[Event "26th EUR-ch"]
[Site "Katowice POL"]
[Date "2026.04.14"]
[Round "7.158"]
[White "Svanda, Ondrej"]
[Black "Vainbaum , Moisei"]
[Result "1/2-1/2"]
[WhiteElo "2385"]
[BlackElo "2159"]
[EventDate "2026.04.07"]
[PlyCount "190"]

1.c4 Nf6 2.g3 c5 3.Bg2 g6 4.Nc3 Bg7 5.e4 Nc6 6.Nge2 e5 7.O-O O-O 8.d3 d6 
9.a3 h6 10.Rb1 a5 11.h3 Bd7 12.Kh2 Nd4 13.b4 axb4 14.axb4 b6 15.f4 Nxe2 
16.Nxe2 Ba4 17.Qd2 exf4 18.Nxf4 Bc6 19.Bb2 Ra2 20.Ne2 Nh5 21.Bf3 Qg5 22.
Qxg5 hxg5 23.Bxg7 Nxg7 24.bxc5 bxc5 25.Rb6 Rc8 26.Kg1 Ra3 27.Nc1 Ne6 28.
Bg4 Kg7 29.Kf2 Rc7 30.Bxe6 fxe6 31.Ke3 d5 32.cxd5 exd5 33.e5 d4+ 34.Kd2 c4
35.Rf6 c3+ 36.Kc2 Be8 37.Ra6 Ba4+ 38.Kb1 Rb7+ 39.Rfb6 Rxb6+ 40.Rxb6 Bd1 
41.Rb7+ Kf8 42.Rb4 Ra5 43.Rxd4 Rb5+ 44.Ka2 c2 45.Rc4 Rb1 46.Ne2 Bxe2 47.
Rxc2 Re1 48.d4 Bf3 49.Ka3 Ke7 50.Kb4 Ke6 51.Ra2 Kd5 52.Ra6 Kxd4 53.Rxg6 
Rxe5 54.g4 Ke3 55.Rh6 Bxg4 56.h4 gxh4 57.Rxh4 Bf3 58.Kc3 Rd5 59.Rh3 Rc5+ 
60.Kb4 Rc8 61.Rg3 Kf4 62.Rg7 Ke5 63.Kb3 Kd4 64.Rd7+ Bd5+ 65.Kb2 Ra8 66.Kb1
Kc4 67.Kb2 Rb8+ 68.Kc2 Rh8 69.Kd2 Kd4 70.Re7 Ra8 71.Rc7 Ra2+ 72.Rc2 Ra3 
73.Rc8 Ra7 74.Rc2 Rh7 75.Rc8 Rh2+ 76.Ke1 Be4 77.Rd8+ Ke3 78.Rf8 Rh7 79.Rf2
Bf3 80.Re2+ Kf4 81.Rb2 Rd7 82.Kf2 Be4 83.Ke2 Rh7 84.Kd2 Rc7 85.Ke2 Rc3 86.
Kd2 Rh3 87.Rb4 Rh2+ 88.Kc3 Ke3 89.Rb2 Rh7 90.Rb4 Bd3 91.Rb8 Rc7+ 92.Kb4 
Rc4+ 93.Kb3 Rc1 94.Rd8 Rc5 95.Kb4 Rb5+ 1/2-1/2

[Event "26th EUR-ch"]
[Site "Katowice POL"]
[Date "2026.04.14"]
[Round "7.159"]
[White "Kovalskyi, Roman"]
[Black "Yordanov, Lachezar"]
[Result "1-0"]
[WhiteElo "2159"]
[BlackElo "2384"]
[EventDate "2026.04.07"]
[PlyCount "117"]

1.e4 c5 2.Nf3 d6 3.d4 cxd4 4.Nxd4 Nf6 5.Nc3 a6 6.Be3 e5 7.Nb3 Be7 8.f3 Be6
9.Qd2 h5 10.O-O-O Nbd7 11.Kb1 Rc8 12.f4 b5 13.Bd3 Qc7 14.h3 h4 15.Rhe1 O-O
16.f5 Bc4 17.g4 hxg3 18.Qg2 b4 19.Ne2 Nh5 20.Nxg3 Nxg3 21.Qxg3 f6 22.Rg1 
Rf7 23.Qg4 a5 24.Rd2 a4 25.Nc1 Bf8 26.Qh5 Nb6 27.Rg6 b3 28.axb3 axb3 29.
cxb3 Bxd3+ 30.Nxd3 Qb7 31.Rg4 Rfc7 32.Rh4 Nd7 33.Qh7+ Kf7 34.Qg6+ Ke7 35.
b4 Qa6 36.Rh7 Ra8 37.Rxg7+ Kd8 38.Rxd7+ Rxd7 39.Qxf6+ Be7 40.Qe6 Qa1+ 41.
Kc2 Qa4+ 42.b3 Qa2+ 43.Kd1 Qb1+ 44.Ke2 Ra1 45.Nf2 Bh4 46.Bb6+ Kc8 47.Rxd6 
Ra2+ 48.Kf3 Rxf2+ 49.Bxf2 Qh1+ 50.Ke2 Qxe4+ 51.Be3 Qg2+ 52.Kd1 Qf3+ 53.Kc2
Qe2+ 54.Rd2 Qb5 55.Qxd7+ Qxd7 56.Rxd7 Kxd7 57.Kd3 Kc6 58.Ke4 Bf6 59.Bd2 
1-0

[Event "26th EUR-ch"]
[Site "Katowice POL"]
[Date "2026.04.14"]
[Round "7.160"]
[White "Yeritsian, Hayk"]
[Black "Luba, Lukasz"]
[Result "1-0"]
[WhiteElo "2342"]
[BlackElo "2138"]
[EventDate "2026.04.07"]
[PlyCount "51"]

1.e4 e6 2.d4 d5 3.Nc3 Bb4 4.Ne2 dxe4 5.a3 Be7 6.Nxe4 Nf6 7.Nxf6+ Bxf6 8.
Be3 Nc6 9.Qd2 O-O 10.O-O-O b5 11.Nf4 Rb8 12.d5 exd5 13.Qxd5 Bxb2+ 14.Kxb2 
Qf6+ 15.Bd4 Qxf4 16.Qxc6 b4 17.a4 Rd8 18.Qc5 b3 19.cxb3 Be6 20.Bc4 Bxc4 
21.Qxc4 Rd6 22.Qc3 Qg4 23.Bxa7 Rc8 24.Rxd6 cxd6 25.Re1 h6 26.Qh3 1-0

[Event "26th EUR-ch"]
[Site "Katowice POL"]
[Date "2026.04.14"]
[Round "7.161"]
[White "Krasteva, Beloslava"]
[Black "Kyparissopoulos, Spyridon"]
[Result "0-1"]
[WhiteElo "2332"]
[BlackElo "2133"]
[EventDate "2026.04.07"]
[PlyCount "94"]

1.d4 d5 2.c4 e6 3.Nf3 Nf6 4.g3 Bb4+ 5.Bd2 a5 6.Bg2 O-O 7.Qc2 c5 8.Bxb4 
cxb4 9.Nbd2 Nc6 10.Rd1 Bd7 11.O-O Rc8 12.Qb1 Qb6 13.e3 Qa6 14.b3 dxc4 15.
bxc4 b5 16.c5 Nd5 17.Qd3 Nc3 18.Ra1 f5 19.e4 Rcd8 20.exf5 e5 21.dxe5 Bxf5 
22.Qe3 Rd3 23.Qg5 h6 24.Qh4 Qc8 25.Nb3 Qe6 26.h3 Rxf3 27.Bxf3 Nxe5 28.Bg2 
g5 29.Qh5 Bg6 30.Qxh6 Nf7 31.Qxf8+ Kxf8 32.Rfe1 Qf6 33.c6 Nd6 34.Nc5 Bf5 
35.Nb7 Nde4 36.g4 Qxc6 37.Nxa5 Qb6 38.gxf5 Nxf2 39.Kh2 Qxa5 40.Bf3 Qc7+ 
41.Kg2 Nd3 42.Re3 Nf4+ 43.Kh1 Ncd5 44.Ree1 Qc3 45.Bg4 Ne3 46.Rac1 Nc2 47.
Rg1 Ne2 0-1

[Event "26th EUR-ch"]
[Site "Katowice POL"]
[Date "2026.04.14"]
[Round "7.162"]
[White "Grebeniuk, Semen"]
[Black "Tudoroiu, Razvan-Catalin"]
[Result "1-0"]
[WhiteElo "2324"]
[BlackElo "2122"]
[EventDate "2026.04.07"]
[PlyCount "69"]

1.e4 e6 2.d3 c5 3.g3 Nc6 4.Bg2 g6 5.Nc3 Bg7 6.Be3 Nge7 7.Nge2 d6 8.Qd2 Nd4
9.Nc1 Rb8 10.O-O O-O 11.Nd1 b5 12.c3 Ndc6 13.d4 cxd4 14.cxd4 d5 15.e5 a5 
16.Nd3 Nf5 17.Nc5 Qb6 18.f4 h5 19.Bf2 Rd8 20.Rc1 Bf8 21.h3 b4 22.g4 hxg4 
23.hxg4 Nh6 24.Bf3 Kg7 25.Kg2 Be7 26.Be3 Rh8 27.Nf2 Ng8 28.Nfd3 Bxc5 29.
Nxc5 b3 30.a3 Ba6 31.Rh1 Rxh1 32.Rxh1 Qb5 33.f5 gxf5 34.Bh6+ Kh7 35.Bf8+ 
1-0

[Event "26th EUR-ch"]
[Site "Katowice POL"]
[Date "2026.04.14"]
[Round "7.163"]
[White "Fruebing, Stefan"]
[Black "Vegh, Endre"]
[Result "1/2-1/2"]
[WhiteElo "2304"]
[BlackElo "2121"]
[EventDate "2026.04.07"]
[PlyCount "135"]

1.e4 c5 2.Nf3 a6 3.c3 d5 4.exd5 Qxd5 5.d4 e6 6.Be3 Nd7 7.Bd3 Ngf6 8.O-O 
Be7 9.Qe2 O-O 10.Rd1 Qc6 11.c4 cxd4 12.Nxd4 Qc7 13.Nc3 b6 14.Rac1 Bb7 15.
Bg5 Rfe8 16.Bh4 Bd6 17.Bg3 Bxg3 18.hxg3 Rac8 19.Ne4 Nxe4 20.Bxe4 Nf6 21.
Bxb7 Qxb7 22.b4 Red8 23.Nb3 Rxd1+ 24.Rxd1 h6 25.f3 Qc7 26.c5 Nd5 27.Qxa6 
Nxb4 28.Qxb6 Qxb6 29.cxb6 Rb8 30.a4 Rxb6 31.a5 Ra6 32.Rd8+ Kh7 33.Rb8 Nd5 
34.Rb5 Kg6 35.Nc5 Ra8 36.a6 Nc7 37.Ra5 Ra7 38.Kf2 Kf6 39.Ke3 Ke7 40.Kd4 
Kd6 41.Ra2 Kc6 42.Kc4 Nd5 43.Nd3 Kb6 44.Rb2+ Kc6 45.Ne5+ Kd6 46.Rb7 Rxa6 
47.Nxf7+ Kc6 48.Nd8+ Kd6 49.Nf7+ Kc6 50.Nd8+ Kd6 51.Kb5 Nc7+ 52.Rxc7 Kxc7 
53.Kxa6 Kxd8 54.Kb6 Ke7 55.Kc6 h5 56.Kc5 Kf6 57.Kd4 Kf5 58.Kd3 Ke5 59.Ke3 
g5 60.f4+ gxf4+ 61.gxf4+ Kf5 62.Kf3 e5 63.fxe5 Kxe5 64.Kg3 Kf5 65.Kh4 Kg6 
66.g3 Kh6 67.g4 hxg4 68.Kxg4 1/2-1/2

[Event "26th EUR-ch"]
[Site "Katowice POL"]
[Date "2026.04.14"]
[Round "7.164"]
[White "Lorscheid, Gerhard"]
[Black "Piddubna, Bozhena"]
[Result "1/2-1/2"]
[WhiteElo "2150"]
[BlackElo "2301"]
[EventDate "2026.04.07"]
[PlyCount "41"]

1.g3 Nf6 2.Bg2 e6 3.c4 d5 4.Nf3 dxc4 5.Qa4+ Nbd7 6.O-O c5 7.Qxc4 b6 8.b3 
Bb7 9.Bb2 Bd6 10.d3 O-O 11.Nbd2 a6 12.Rac1 Rc8 13.Rfd1 b5 14.Qc2 Qe7 15.
Qb1 Rfd8 16.d4 cxd4 17.Nxd4 Bxg2 18.Kxg2 Nc5 19.Kg1 Qb7 20.N4f3 Be7 21.Ng5
1/2-1/2

[Event "26th EUR-ch"]
[Site "Katowice POL"]
[Date "2026.04.14"]
[Round "7.165"]
[White "Azoulay, Yehonatan"]
[Black "Marzano, Carlo"]
[Result "1/2-1/2"]
[WhiteElo "2298"]
[BlackElo "2108"]
[EventDate "2026.04.07"]
[PlyCount "59"]

1.e4 d5 2.exd5 Qxd5 3.Nf3 Bg4 4.Be2 Nc6 5.Nc3 Qd7 6.h3 Bxf3 7.Bxf3 O-O-O 
8.d3 e5 9.O-O Nd4 10.Re1 Nxf3+ 11.Qxf3 f6 12.Be3 Kb8 13.Rad1 Bd6 14.d4 
exd4 15.Bxd4 Nh6 16.Bc5 Nf7 17.Bxd6 Nxd6 18.Ne4 Qc6 19.Nxd6 Qxf3 20.gxf3 
Rxd6 21.Rxd6 cxd6 22.Re7 Rc8 23.c3 Rc7 24.Re8+ Rc8 25.Re3 b5 26.Kg2 Kb7 
27.Kg3 Kc6 28.Re7 Rc7 29.Re8 Rb7 30.Kf4 1/2-1/2

[Event "26th EUR-ch"]
[Site "Katowice POL"]
[Date "2026.04.14"]
[Round "7.166"]
[White "Sliwicka, Alicja"]
[Black "Alpaslan, Utku"]
[Result "1-0"]
[WhiteElo "2293"]
[BlackElo "2104"]
[EventDate "2026.04.07"]
[PlyCount "115"]

1.e4 c5 2.Nf3 e6 3.d4 cxd4 4.Nxd4 a6 5.c4 Nf6 6.Nc3 Bb4 7.Qd3 Qc7 8.a3 
Bxc3+ 9.Qxc3 Nxe4 10.Nb5 axb5 11.Qxg7 Rf8 12.Bh6 Qc5 13.f3 bxc4 14.fxe4 d5
15.Qxf8+ Qxf8 16.Bxf8 Kxf8 17.Rd1 c3 18.bxc3 Rxa3 19.exd5 exd5 20.c4 d4 
21.Rxd4 Nc6 22.Rd3 Ra4 23.Be2 Be6 24.O-O Ra2 25.Re3 Rxe2 26.Rxe2 Bxc4 27.
Rb2 Bxf1 28.Kxf1 Kg7 29.Rxb7 Nd4 30.Rb4 Ne6 31.Rg4+ Kf6 32.Kf2 Nf8 33.Rg8 
Ng6 34.Kg3 Ne7 35.Rg4 Ng6 36.h4 h6 37.Re4 Kg7 38.Kg4 Nf8 39.Kf5 Nh7 40.
Rg4+ Kf8 41.Rg3 Ke7 42.Rg8 Nf6 43.Rh8 Nd5 44.g4 Ne3+ 45.Kf4 Nd5+ 46.Ke4 
Nc3+ 47.Kf5 Nd5 48.Rxh6 Ne3+ 49.Kf4 Nd5+ 50.Ke4 Nc3+ 51.Kf5 Nd5 52.Rh8 
Ne3+ 53.Kf4 Nd5+ 54.Ke5 Ne3 55.g5 Ng4+ 56.Kf4 Nf2 57.h5 Nh3+ 58.Kf5 1-0

[Event "26th EUR-ch"]
[Site "Katowice POL"]
[Date "2026.04.14"]
[Round "7.167"]
[White "Balinski, Damian"]
[Black "Niezhentsev, Kyrylo"]
[Result "0-1"]
[WhiteElo "2154"]
[BlackElo "2293"]
[EventDate "2026.04.07"]
[PlyCount "96"]

1.d4 Nf6 2.c4 e6 3.Nf3 b6 4.g3 Ba6 5.b3 Bb4+ 6.Bd2 Be7 7.Nc3 d5 8.cxd5 
exd5 9.Bg2 O-O 10.O-O c5 11.dxc5 bxc5 12.Ne5 Bb7 13.Bf4 Na6 14.Qd2 Nc7 15.
Rfd1 Rc8 16.Rac1 Ba8 17.Bh3 Ne6 18.Bg2 d4 19.Bxa8 Rxa8 20.Nb5 Qd5 21.Nc4 
Ne4 22.Qd3 Nxf4 23.gxf4 Bh4 24.Rf1 Qf5 25.Qf3 a6 26.Nba3 Rad8 27.Nb1 d3 
28.exd3 Ng5 29.Qg2 Qxf4 30.Ne3 Bxf2+ 31.Kh1 Qxe3 32.Qxf2 Qxd3 33.Nc3 c4 
34.Rfd1 Ne4 35.Qf4 Qxc3 36.Rxd8 Nf2+ 37.Kg2 Qh3+ 38.Kxf2 Rxd8 39.bxc4 h6 
40.Re1 g5 41.Qg3 Qf5+ 42.Qf3 Qc5+ 43.Kg3 Qxc4 44.Re4 Qxa2 45.h4 Qd2 46.Kg4
Rd4 47.Kh5 Rxe4 48.Qxe4 Qf4 0-1

[Event "26th EUR-ch"]
[Site "Katowice POL"]
[Date "2026.04.14"]
[Round "7.168"]
[White "Durucay, Uygar"]
[Black "Triger, Eitan"]
[Result "1-0"]
[WhiteElo "2286"]
[BlackElo "2095"]
[EventDate "2026.04.07"]
[PlyCount "111"]

1.d4 Nf6 2.Nf3 d5 3.c4 c6 4.e3 Bf5 5.Bd3 Bxd3 6.Qxd3 e6 7.Nbd2 Nbd7 8.O-O 
Be7 9.b3 O-O 10.Bb2 a5 11.a3 Qb6 12.c5 Qa6 13.Qc2 Bd8 14.Ne1 Bc7 15.Nd3 
Rae8 16.b4 e5 17.dxe5 Nxe5 18.Nxe5 Bxe5 19.Bxe5 Rxe5 20.Nf3 Re4 21.Nd4 Nd7
22.Qc3 f5 23.b5 Qa7 24.Rac1 Rf6 25.Rfe1 Re8 26.a4 Ne5 27.Nb3 Nc4 28.Rcd1 
Rfe6 29.Nd4 Rf6 30.Nb3 Rfe6 31.g3 g6 32.Nd4 Qxc5 33.Nxe6 Rxe6 34.bxc6 bxc6
35.Rb1 Re7 36.Rb8+ Kf7 37.Reb1 Qa7 38.Qh8 Ke6 39.Qc8+ Qd7 40.Qg8+ Ke5 41.
Qh8+ Ke6 42.Rf8 Rf7 43.Rd8 Qc7 44.Rbb8 Nd6 45.f4 Rg7 46.Kg2 c5 47.Rg8 Rxg8
48.Rxg8 Qc6 49.Qe5+ Kd7 50.Qg7+ Ke6 51.Qe5+ Kd7 52.Rg7+ Kc8 53.Qe6+ Kb8 
54.Rd7 d4+ 55.Kh3 Qf3 56.Qxd6+ 1-0

[Event "26th EUR-ch"]
[Site "Katowice POL"]
[Date "2026.04.14"]
[Round "7.169"]
[White "Zadrapova, Amalie"]
[Black "Ilko-Toth, Andras"]
[Result "1/2-1/2"]
[WhiteElo "2139"]
[BlackElo "2283"]
[EventDate "2026.04.07"]
[PlyCount "104"]

1.c4 e6 2.g3 d5 3.Bg2 d4 4.Nf3 Nc6 5.d3 Nf6 6.O-O Bc5 7.Nbd2 O-O 8.Nb3 Be7
9.e3 dxe3 10.Bxe3 Ng4 11.Bc5 Bxc5 12.Nxc5 b6 13.Nh4 Nge5 14.d4 Nxd4 15.
Bxa8 bxc5 16.Bg2 Nxc4 17.b3 Nb6 18.Nf3 Ba6 19.Re1 Qd6 20.Ng5 h6 21.Ne4 Qe7
22.Kh1 Rd8 23.Qc1 c4 24.Nd2 Qc5 25.bxc4 Nxc4 26.Nxc4 Bxc4 27.Qc3 Nb5 28.
Qe3 Qd6 29.a4 Nd4 30.Rac1 Bd5 31.Qe5 Qa3 32.Bxd5 Rxd5 33.Qe3 Qxa4 34.Rxc7 
Nf5 35.Qf3 Qa5 36.Rec1 Qd2 37.g4 Nd6 38.Kg2 Kh7 39.R1c2 Qd4 40.h3 a5 41.
Qe3 Qxe3 42.fxe3 h5 43.gxh5 Rxh5 44.R2c5 Rh4 45.Rxa5 Nc4 46.Rg5 Kh6 47.Rg3
Ne5 48.Rc8 Kh7 49.Rg5 f6 50.Rg3 Nf7 51.Rc7 Ng5 52.Re7 e5 1/2-1/2

[Event "26th EUR-ch"]
[Site "Katowice POL"]
[Date "2026.04.14"]
[Round "7.170"]
[White "Basdar, Atakan"]
[Black "Martirosyan, David"]
[Result "1-0"]
[WhiteElo "2125"]
[BlackElo "2281"]
[EventDate "2026.04.07"]
[PlyCount "57"]

1.e4 e5 2.Nf3 Nc6 3.Bb5 a6 4.Bxc6 dxc6 5.O-O Qf6 6.d4 exd4 7.Bg5 Qd6 8.
Nxd4 Be7 9.Bxe7 Nxe7 10.c3 c5 11.Nb3 Be6 12.Qe2 O-O-O 13.Na3 Ng6 14.Rad1 
Qb6 15.c4 Ne5 16.Rxd8+ Rxd8 17.f4 Bg4 18.Qe3 Rd3 19.Qf2 Nd7 20.h3 Bd1 21.
Nc1 Rd4 22.Nb1 Qe6 23.Nd2 Bc2 24.Nf3 Qxc4 25.b3 Qc3 26.Ne2 Qa5 27.Nexd4 
cxd4 28.Qxc2 Qb6 29.Qd3 1-0

[Event "26th EUR-ch"]
[Site "Katowice POL"]
[Date "2026.04.14"]
[Round "7.171"]
[White "Hury, Tymoteusz"]
[Black "Ribeiro, Gustavo"]
[Result "0-1"]
[WhiteElo "2115"]
[BlackElo "2280"]
[EventDate "2026.04.07"]
[PlyCount "134"]

1.e4 c5 2.Nf3 Nc6 3.Nc3 d6 4.d4 cxd4 5.Nxd4 Bd7 6.h3 Qb6 7.Nb3 g6 8.Be3 
Qd8 9.Nd5 Bg7 10.c3 Nf6 11.Nxf6+ Bxf6 12.Be2 O-O 13.O-O Rc8 14.f4 Qc7 15.
Qd2 Rfd8 16.Rad1 Na5 17.Nxa5 Qxa5 18.a3 Ba4 19.Rc1 Bb3 20.Bf3 Qa4 21.Qf2 
b6 22.g3 Rc7 23.Bg2 Rdc8 24.g4 Bc4 25.Rfd1 Ba6 26.g5 Bg7 27.f5 Be5 28.Bd4 
Bxd4 29.Rxd4 Rc4 30.Rcd1 Rxd4 31.Rxd4 Qb5 32.Rd5 Qe8 33.h4 Bb7 34.Rd4 Rc5 
35.f6 Re5 36.Qd2 h6 37.gxh6 Re6 38.fxe7 Qxe7 39.Qg5 Qf8 40.Qf4 Qe7 41.Qg5 
Rf6 42.Rc4 Re6 43.Rd4 Kh7 44.Qf4 Re5 45.h5 g5 46.Qd2 Bxe4 47.Bxe4+ Rxe4 
48.Qd3 f5 49.Rxd6 Qe5 50.Rd4 Re3 51.Rd7+ Kxh6 52.Qd6+ Qxd6 53.Rxd6+ Kxh5 
54.Kf2 Rh3 55.Kg2 Kg4 56.Rd5 f4 57.Rxg5+ Kxg5 58.Kxh3 Kf5 59.Kg2 Ke4 60.a4
Ke3 61.Kf1 Kd3 62.Kf2 Kc2 63.c4 Kxb2 64.a5 Kc3 65.axb6 axb6 66.Kf3 Kxc4 
67.Kxf4 Kd3 0-1

[Event "26th EUR-ch"]
[Site "Katowice POL"]
[Date "2026.04.14"]
[Round "7.172"]
[White "Podgorski, Maciej"]
[Black "Filindash, Nikita"]
[Result "0-1"]
[WhiteElo "2113"]
[BlackElo "2279"]
[EventDate "2026.04.07"]
[PlyCount "95"]

1.e4 d6 2.d4 Nf6 3.Nc3 e5 4.dxe5 dxe5 5.Qxd8+ Kxd8 6.Bc4 Ke8 7.Nf3 Bd6 8.
Bg5 Nbd7 9.O-O-O a6 10.Bxf6 Nxf6 11.Ng5 Rf8 12.f4 b5 13.Bd5 Nxd5 14.Nxd5 
f6 15.fxe5 Bxe5 16.Nf3 Bd6 17.Rhe1 Kf7 18.g3 Bg4 19.Rd3 Rfe8 20.Kd2 c6 21.
Nf4 Rad8 22.Ng1 c5 23.h3 c4 24.Rd5 Bxf4+ 25.gxf4 Rxd5+ 26.exd5 Rxe1 27.
Kxe1 Bf5 28.Kd2 Ke7 29.Kc3 Kd6 30.Kd4 Bxc2 31.Ne2 g5 32.a3 Bd3 33.Nc3 gxf4
34.b4 f5 35.a4 bxa4 36.Nxa4 f3 37.Ke3 Kxd5 38.Nc5 a5 39.Nxd3 cxd3 40.bxa5 
f2 41.Kxf2 f4 42.h4 Kc5 43.a6 Kb6 44.a7 Kxa7 45.h5 Ka6 46.Kf3 Kb5 47.Kg4 
d2 48.Kxf4 0-1

[Event "26th EUR-ch"]
[Site "Katowice POL"]
[Date "2026.04.14"]
[Round "7.173"]
[White "Blanquet, Camille"]
[Black "Jarocka, Liwia"]
[Result "1/2-1/2"]
[WhiteElo "2107"]
[BlackElo "2272"]
[EventDate "2026.04.07"]
[PlyCount "109"]

1.d4 e6 2.c4 b6 3.Nc3 Bb7 4.Nf3 Bb4 5.g3 Nf6 6.Bg2 c5 7.O-O cxd4 8.Qxd4 
O-O 9.a3 Nc6 10.Qd3 Bxc3 11.Qxc3 d5 12.Rd1 Rc8 13.b4 Ne7 14.Ne5 Ba6 15.c5 
bxc5 16.bxc5 Bxe2 17.Rd2 Ba6 18.Bb2 Ne8 19.Bh3 Nc6 20.Nxc6 Rxc6 21.f4 Qe7 
22.f5 Rxc5 23.Qe3 e5 24.Qxe5 Qxe5 25.Bxe5 Bc4 26.Bg2 f6 27.Bd4 Ra5 28.Bc3 
Rb5 29.Rad1 Nc7 30.a4 Rb7 31.Ba5 Re8 32.Rc1 Re7 33.Bxc7 Rexc7 34.Bxd5+ 
Bxd5 35.Rxc7 Rxc7 36.Rxd5 Kf7 37.Rb5 Ke7 38.Kg2 Kd6 39.Kh3 Kc6 40.g4 a6 
41.Rb8 a5 42.Rb5 Ra7 43.Kg3 Kd6 44.h4 h6 45.g5 hxg5 46.hxg5 Rc7 47.Rxa5 
Rc4 48.g6 Rb4 49.Kf3 Rc4 50.Ke3 Rb4 51.Kd3 Rf4 52.Ra7 Ke5 53.Rxg7 Kxf5 54.
a5 Ra4 55.Ra7 1/2-1/2

[Event "26th EUR-ch"]
[Site "Katowice POL"]
[Date "2026.04.14"]
[Round "7.174"]
[White "Matskevich, Varvara"]
[Black "Mirski, Stanislaw"]
[Result "0-1"]
[WhiteElo "2073"]
[BlackElo "2266"]
[EventDate "2026.04.07"]
[PlyCount "130"]

1.e4 c5 2.Nf3 e6 3.d4 cxd4 4.Nxd4 Nf6 5.Nc3 Nc6 6.Ndb5 Bc5 7.Bf4 O-O 8.Bc7
Qe7 9.Bd6 Bxd6 10.Qxd6 Qd8 11.O-O-O a6 12.Nd4 Ne7 13.h4 b5 14.f3 Bb7 15.
Nb3 Nc8 16.Qd4 d5 17.Nc5 Bc6 18.g4 Ne7 19.e5 Nd7 20.h5 h6 21.Bd3 Qb6 22.b4
a5 23.a3 axb4 24.axb4 Qc7 25.f4 Nxc5 26.Qxc5 Rfc8 27.Rhg1 d4 28.Qxd4 Be8 
29.Kb2 Nc6 30.Qc5 Qb8 31.Ra1 Na5 32.Qd6 Nc4+ 33.Bxc4 Rxc4 34.Rxa8 Qxa8 35.
Rg3 Rxf4 36.g5 hxg5 37.Rxg5 Qc6 38.Qe7 Rf3 39.Ne2 Qd7 40.Qc5 Qd2 41.Rg2 
Qe3 42.Qc3 Qxc3+ 43.Nxc3 Re3 44.Re2 Rxe2 45.Nxe2 f6 46.exf6 gxf6 47.Ng3 
Kg7 48.Kc3 f5 49.Kd3 f4 50.Ne2 e5 51.Nc3 Bc6 52.Nd1 Kh6 53.c4 bxc4+ 54.
Kxc4 Kxh5 55.Nf2 Kh4 56.Kc5 Ba8 57.Kc4 Kg3 58.Nd1 f3 59.Kd3 f2 60.Ne3 Bc6 
61.b5 Bxb5+ 62.Ke4 Bc6+ 63.Kxe5 Kf3 64.Nf1 Bb5 65.Nd2+ Ke3 0-1

[Event "26th EUR-ch"]
[Site "Katowice POL"]
[Date "2026.04.14"]
[Round "7.175"]
[White "Sprzeczka, Emilia"]
[Black "Veljanoski, Andrej"]
[Result "0-1"]
[WhiteElo "2066"]
[BlackElo "2255"]
[EventDate "2026.04.07"]
[PlyCount "70"]

1.e4 c5 2.c3 d5 3.exd5 Qxd5 4.Nf3 Nc6 5.d4 Nf6 6.dxc5 Qxc5 7.Na3 Ng4 8.Qe2
Bf5 9.Nb5 O-O-O 10.b4 Qd5 11.h3 Nf6 12.Be3 a6 13.Nbd4 e6 14.Rc1 Ne4 15.
Nxc6 Qxc6 16.Nd4 Rxd4 17.Bxd4 Bxb4 18.Qb2 Ba5 19.Be2 e5 20.Bxe5 Qc5 21.
Bxa6 bxa6 22.Qb8+ Kd7 23.Qb7+ Ke6 24.Qxa6+ Kxe5 25.O-O Rd8 26.Rb1 Rd6 27.
Qe2 Kf6 28.Qh5 Nd2 29.Qh4+ g5 30.Qh6+ Bg6 31.Rfe1 Rd8 32.h4 Nxb1 33.Rxb1 
Bc7 34.Re1 gxh4 35.c4 Qg5 0-1

[Event "26th EUR-ch"]
[Site "Katowice POL"]
[Date "2026.04.14"]
[Round "7.176"]
[White "Perets, Dmytro"]
[Black "Zhuk, Ivan"]
[Result "1-0"]
[WhiteElo "2253"]
[BlackElo "2068"]
[EventDate "2026.04.07"]
[PlyCount "141"]

1.e4 c5 2.Nf3 d6 3.c3 Nf6 4.Be2 g6 5.O-O Bg7 6.Re1 O-O 7.Bf1 Nc6 8.h3 e5 
9.d4 cxd4 10.cxd4 exd4 11.Nxd4 d5 12.Nxc6 bxc6 13.Nc3 Nxe4 14.Nxe4 dxe4 
15.Qa4 Bf5 16.Be3 Bxb2 17.Rab1 Bg7 18.Ba6 c5 19.Bxc5 e3 20.Rbd1 exf2+ 21.
Bxf2 Qc7 22.Rc1 Qd7 23.Qxd7 Bxd7 24.Rc7 Be6 25.a4 Bd5 26.a5 Bf6 27.Rd1 Be4
28.Rc4 Bf5 29.Bb7 Rad8 30.Rxd8 Rxd8 31.Bxa7 Rd1+ 32.Kf2 Rd2+ 33.Kf3 Rd3+ 
34.Kf2 Rd2+ 35.Ke1 Ra2 36.Bb6 Bd3 37.Rc8+ Kg7 38.Bf3 Bh4+ 39.Kd1 Bg5 40.
Bd4+ Kh6 41.Bc3 f6 42.Rd8 Bc4 43.Rd4 Bb5 44.Bd5 Ra3 45.Bb4 Ba4+ 46.Ke1 
Ra1+ 47.Kf2 Kg7 48.Rc4 Ra2+ 49.Kg3 Rc2 50.Rxc2 Bxc2 51.a6 Be3 52.Kf3 Ba7 
53.Bc4 f5 54.Bc3+ Kf8 55.Kf4 Ke7 56.Be5 Be4 57.g3 Bg2 58.h4 Bc6 59.Kg5 
Be3+ 60.Bf4 Ba7 61.Kh6 Kf6 62.Bg5+ Ke5 63.Kxh7 Be8 64.Kg7 Kd4 65.Bf7 Bb5 
66.Bxg6 Bxa6 67.h5 Ke5 68.h6 Ke6 69.Bf7+ Kd7 70.h7 Bd4+ 71.Bf6 1-0

[Event "26th EUR-ch"]
[Site "Katowice POL"]
[Date "2026.04.14"]
[Round "7.177"]
[White "Brzezina, Pawel"]
[Black "Odabasi, Ruzgar"]
[Result "1/2-1/2"]
[WhiteElo "2247"]
[BlackElo "2065"]
[EventDate "2026.04.07"]
[PlyCount "86"]

1.d4 Nf6 2.c4 g6 3.f3 Bg7 4.e4 d6 5.Ne2 O-O 6.Be3 Nbd7 7.Qd2 c5 8.d5 Ne5 
9.Nec3 e6 10.Be2 exd5 11.cxd5 Re8 12.O-O a6 13.a4 Rb8 14.Na3 Qc7 15.Rac1 
h5 16.h3 c4 17.Rc2 Bd7 18.f4 Nd3 19.Nxc4 Qxc4 20.Bxd3 Qb4 21.e5 dxe5 22.
fxe5 Rxe5 23.Bf4 Rbe8 24.Bxe5 Rxe5 25.Qf2 Re7 26.Kh1 h4 27.Be2 Bf5 28.Rd2 
Bh6 29.d6 Bxd2 30.dxe7 Qxe7 31.Bf3 Bg5 32.Qd4 Qe6 33.Kh2 b6 34.b4 Be3 35.
Qd8+ Kg7 36.Nd5 Qe5+ 37.Kh1 Nxd5 38.Bxd5 Qg3 39.Qe7 Bf4 40.Qxf7+ Kh6 41.
Qf8+ Kg5 42.Qd8+ Kh6 43.Qh8+ Kg5 1/2-1/2

[Event "26th EUR-ch"]
[Site "Katowice POL"]
[Date "2026.04.14"]
[Round "7.178"]
[White "Lasok, Marek"]
[Black "Maltezeanu, Stefan"]
[Result "1/2-1/2"]
[WhiteElo "2009"]
[BlackElo "2245"]
[EventDate "2026.04.07"]
[PlyCount "191"]

1.e4 c5 2.Nc3 Nc6 3.Bb5 Nd4 4.Nf3 a6 5.Bd3 g6 6.O-O Bg7 7.Re1 d6 8.h3 Nc6 
9.Bf1 e6 10.Rb1 Nge7 11.a3 O-O 12.b4 b5 13.bxc5 dxc5 14.e5 Qc7 15.Bb2 Bb7 
16.Ne4 Nxe5 17.Nxe5 Bxe5 18.Nf6+ Bxf6 19.Bxf6 Nd5 20.Ba1 c4 21.Qg4 Rae8 
22.h4 e5 23.Qg3 f6 24.d4 cxd3 25.cxd3 Qd7 26.Bb2 Kg7 27.Bc1 h5 28.f3 Ne7 
29.Bb2 Nf5 30.Qf2 Nd4 31.Be2 Rd8 32.Bd1 Qf5 33.Qe3 Rf7 34.Bc1 Kg8 35.a4 
Rfd7 36.axb5 axb5 37.Rf1 Ne6 38.Bb3 Bd5 39.Bc2 Nf4 40.Rxb5 Bf7 41.Rc5 Qe6 
42.Rd1 Qa6 43.Qe4 Rd4 44.Qc6 Qxc6 45.Rxc6 Ne2+ 46.Kf2 Nxc1 47.Rxc1 Kg7 48.
g3 R8d7 49.Rb1 Bd5 50.Rc8 Bb7 51.Rc3 Kf7 52.Rb6 Ke7 53.Rcb3 Bd5 54.Ra3 Rc7
55.Rb2 Be6 56.Ke3 Rd6 57.Bd1 g5 58.Rb4 Rcd7 59.Be2 Rd4 60.Rb6 Bf5 61.hxg5 
fxg5 62.Rb5 Kf6 63.Ra6+ R7d6 64.Raa5 Re6 65.Rb8 h4 66.gxh4 gxh4 67.Rf8+ 
Kg5 68.Rg8+ Bg6 69.Bf1 Kf6 70.Bh3 Rxd3+ 71.Ke2 Red6 72.Rxg6+ Kxg6 73.Rxe5 
Ra3 74.Rc5 Rb6 75.Rc2 Kf6 76.Kf2 Rb4 77.Bg4 Rba4 78.Rc6+ Ke5 79.Re6+ Kd5 
80.Rh6 Ra2+ 81.Ke3 Rh2 82.Rh5+ Kd6 83.Kd3 Ke7 84.Ke3 Kf6 85.Rf5+ Kg6 86.
Rh5 Ra7 87.Rh8 Kg7 88.Rh5 Ra6 89.Kf4 Rh6 90.Ra5 Re2 91.Kg5 Re7 92.Bh3 Rf7 
93.Ra3 Rh8 94.f4 Rg8 95.Kxh4 Rxf4+ 96.Kg3 1/2-1/2

[Event "26th EUR-ch"]
[Site "Katowice POL"]
[Date "2026.04.14"]
[Round "7.179"]
[White "Pasa, Ahmet"]
[Black "Drazic, Sinisa"]
[Result "0-1"]
[WhiteElo "2004"]
[BlackElo "2239"]
[EventDate "2026.04.07"]
[PlyCount "120"]

1.e4 c6 2.d4 d6 3.Nc3 Nf6 4.Nf3 g6 5.Be3 b5 6.Bd3 Qc7 7.h3 Nbd7 8.O-O e5 
9.dxe5 dxe5 10.a4 b4 11.Nb1 Nc5 12.Nbd2 Nfd7 13.Bc4 h6 14.Nh2 Bd6 15.Qf3 
Nb6 16.Qf6 Rh7 17.Ba2 Qe7 18.Qf3 a5 19.Nc4 Nxc4 20.Bxc4 h5 21.Rfd1 Bc7 22.
b3 Ne6 23.Nf1 Kf8 24.Bxe6 Bxe6 25.Qg3 h4 26.Qg5 Qxg5 27.Bxg5 f5 28.exf5 
gxf5 29.Re1 Kf7 30.Nh2 Bd5 31.f4 Rg8 32.Kf2 e4 33.Nf1 Bb6+ 34.Ke2 Rxg5 35.
fxg5 Rh5 36.Ne3 Rxg5 37.Rf1 Ke6 38.Rae1 Ke5 39.Rf2 f4 40.Ng4+ Kf5 41.Rff1 
Rxg4 42.hxg4+ Kxg4 43.Rh1 Kg3 44.Kf1 e3 45.Rh3+ Kg4 46.Rh2 Bd4 47.Rd1 c5 
48.Re1 Be4 49.Re2 Bc3 50.Kg1 Bd5 51.Rh3 c4 52.bxc4 Bxc4 53.Kf1 Ba6 54.Rf3 
Bc4 55.Rh3 Bd2 56.Rf3 Bd5 57.Rh3 b3 58.Rxd2 exd2 59.Ke2 d1=Q+ 60.Kxd1 b2 
0-1

[Event "26th EUR-ch"]
[Site "Katowice POL"]
[Date "2026.04.14"]
[Round "7.180"]
[White "Rodriguez Redondo, Adhara"]
[Black "Kulich, Daniel"]
[Result "1-0"]
[WhiteElo "2203"]
[BlackElo "2045"]
[EventDate "2026.04.07"]
[PlyCount "93"]

1.e4 e6 2.d4 d5 3.exd5 exd5 4.Nf3 Bd6 5.c4 c6 6.Nc3 Ne7 7.Bd3 O-O 8.O-O h6
9.a3 Bg4 10.h3 Bh5 11.c5 Bc7 12.b4 Nd7 13.Be2 Bg6 14.b5 Nf6 15.Bb2 Ne4 16.
Bd3 Nxc3 17.Bxc3 Bxd3 18.Qxd3 Qd7 19.Rab1 Ng6 20.Bd2 Rfe8 21.Rb3 Rab8 22.
a4 b6 23.Rfb1 bxc5 24.dxc5 Ne5 25.Nxe5 Bxe5 26.f4 Bc7 27.b6 axb6 28.cxb6 
Bd6 29.a5 Bc5+ 30.Kh1 Qd8 31.Qc2 Qd6 32.a6 d4 33.Ba5 Qd5 34.b7 Bd6 35.a7 
Qxa5 36.axb8=Q Bxb8 37.Qf2 c5 38.Rb5 Qc3 39.Qf1 d3 40.R5b3 Qc2 41.Qxd3 Qf2
42.Qf1 Qd4 43.Rb6 Bxf4 44.b8=Q Rxb8 45.Rxb8+ Bxb8 46.Rxb8+ Kh7 47.Qf5+ 1-0

[Event "26th EUR-ch"]
[Site "Katowice POL"]
[Date "2026.04.14"]
[Round "7.181"]
[White "Salaun, Yann"]
[Black "Margaritis, Ioannis M."]
[Result "1-0"]
[WhiteElo "2199"]
[BlackElo "2012"]
[EventDate "2026.04.07"]
[PlyCount "87"]

1.e4 c5 2.Nf3 d6 3.Nc3 Nf6 4.d4 cxd4 5.Qxd4 Nc6 6.Bb5 Bd7 7.Qe3 g6 8.O-O 
Bg7 9.h3 a6 10.Be2 O-O 11.Rd1 Qc7 12.Bd2 Be6 13.Ng5 h6 14.Nxe6 fxe6 15.Bc4
Nd8 16.Bb3 Nd7 17.Ne2 Nc5 18.Bc3 Nxb3 19.axb3 Kh7 20.Rd3 e5 21.Ba5 Qxc2 
22.Rc1 Qxb2 23.Bb4 h5 24.Rd2 Qxc1+ 25.Nxc1 Bh6 26.Qd3 a5 27.Bc3 Bxd2 28.
Bxd2 a4 29.bxa4 Rxa4 30.Ne2 Ne6 31.g3 Rf6 32.Be3 Nd8 33.Kg2 Nc6 34.Bg5 Rf8
35.Nc3 Rd4 36.Qb5 Rb4 37.Qd3 Rb2 38.Be3 Kg7 39.Nd5 e6 40.Nc7 Rf6 41.Ne8+ 
Kf7 42.Nxf6 Kxf6 43.Qxd6 Ne7 44.Bc5 1-0